LEADER 04331oam 2200697I 450 001 9910779667703321 005 20200520144314.0 010 $a1-136-33479-3 010 $a0-203-12276-3 010 $a1-299-48100-0 010 $a1-136-33480-7 024 7 $a10.4324/9780203122761 035 $a(CKB)2550000001020407 035 $a(EBL)1172902 035 $a(SSID)ssj0000871598 035 $a(PQKBManifestationID)11474377 035 $a(PQKBTitleCode)TC0000871598 035 $a(PQKBWorkID)10823056 035 $a(PQKB)10880758 035 $a(MiAaPQ)EBC1172902 035 $a(Au-PeEL)EBL1172902 035 $a(CaPaEBR)ebr10690196 035 $a(CaONFJC)MIL479350 035 $a(OCoLC)843636677 035 $a(OCoLC)841793951 035 $a(OCoLC)1108965767 035 $a(FINmELB)ELB135667 035 $a(EXLCZ)992550000001020407 100 $a20180706d2013 uy 0 101 0 $aeng 135 $aur|n|---||||| 181 $ctxt 182 $cc 183 $acr 200 00$aHandbook on automated essay evaluation $ecurrent applications and new directions /$fedited by Mark D. Shermis, Jill Burstein 210 1$aNew York :$cRoutledge,$d2013. 215 $a1 online resource (385 p.) 300 $aDescription based upon print version of record. 311 $a0-415-81096-5 311 $a1-84872-995-2 320 $aIncludes bibliographical references and index. 327 $aCover; Half Title; Title Page; Copyright Page; Table of Contents; Foreword; Preface; About the Editors; List of Contributors; 1 Introduction to Automated Essay Evaluation; 2 Automated Essay Evaluation and the Teaching of Writing; 3 English as a Second Language Writing and Automated Essay Evaluation; 4 The E-rater® Automated Essay Scoring System; 5 Implementation and Applications of the Intelligent Essay Assessor; 6 The IntelliMetricTM Automated Essay Scoring Engine - A Review and an Application to Chinese Essay Scoring; 7 Applications of Automated Essay Evaluation in West Virginia 327 $a8 LightSIDE: Open Source Machine Learning for Text9 Automated Short Answer Scoring: Principles and Prospects; 10 Probable Cause: Developing Warrants for Automated Scoring of Essays; 11 Validity and Reliability of Automated Essay Scoring; 12 Scaling and Norming for Automated Essay Scoring; 13 Human Ratings and Automated Essay Evaluation; 14 Using Automated Scoring to Monitor Reader Performance and Detect Reader Drift in Essay Scoring; 15 Grammatical Error Detection in Automatic Essay Scoring and Feedback; 16 Automated Evaluation of Discourse Coherence Quality in Essay Writing 327 $a17 Automated Sentiment Analysis for Essay Evaluation18 Covering the Construct: An Approach to Automated Essay Scoring Motivated by a Socio-Cognitive Framework for Defining Literacy Skills; 19 Contrasting State-of-the-Art Automated Scoring of Essays; 20 The Policy Turn in Current Education Reform: The Common Core State Standards and Its Linguistic Challenges and Opportunities; Index 330 $aThis comprehensive, interdisciplinary handbook reviews the latest methods and technologies used in automated essay evaluation (AEE) methods and technologies. Highlights include the latest in the evaluation of performance-based writing assessments and recent advances in the teaching of writing, language testing, cognitive psychology, and computational linguistics. This greatly expanded follow-up to Automated Essay Scoring reflects the numerous advances that have taken place in the field since 2003 including automated essay scoring and diagnostic feedback. Each chapter features a commo 606 $aGrading and marking (Students)$xData processing 606 $aEducational tests and measurements$xData processing 606 $aReport writing$xStudy and teaching$xEvaluation 615 0$aGrading and marking (Students)$xData processing. 615 0$aEducational tests and measurements$xData processing. 615 0$aReport writing$xStudy and teaching$xEvaluation. 676 $a371.27/2 701 $aBurstein$b Jill$01481557 701 $aShermis$b Mark D.$f1953-$01481558 801 0$bMiAaPQ 801 1$bMiAaPQ 801 2$bMiAaPQ 906 $aBOOK 912 $a9910779667703321 996 $aHandbook on automated essay evaluation$93698578 997 $aUNINA LEADER 04672nam 2200697Ia 450 001 9911020186303321 005 20200520144314.0 010 $a9786613204868 010 $a9781444347746 010 $a1444347748 010 $a9781283204866 010 $a128320486X 010 $a9781444327298 010 $a1444327291 010 $a9781444327304 010 $a1444327305 035 $a(CKB)2670000000059914 035 $a(EBL)644963 035 $a(SSID)ssj0000482368 035 $a(PQKBManifestationID)11308139 035 $a(PQKBTitleCode)TC0000482368 035 $a(PQKBWorkID)10484934 035 $a(PQKB)10389250 035 $a(MiAaPQ)EBC644963 035 $a(PPN)16206876X 035 $a(OCoLC)711779442 035 $a(Perlego)1014463 035 $a(EXLCZ)992670000000059914 100 $a20100419d2010 uy 0 101 0 $aeng 135 $aur|n|---||||| 181 $ctxt 182 $cc 183 $acr 200 00$aSchizophrenia /$f[edited by] Daniel R. Weinberger, Paul J. Harrison 205 $a3rd ed. 210 $aChichester, West Sussex, UK $cWiley-Blackwell$d2010 215 $a1 online resource (746 p.) 300 $aDescription based upon print version of record. 311 08$a9781405176972 311 08$a1405176970 320 $aIncludes bibliographical references and index. 327 $aSchizophrenia; Contents; Contributors; Editor ' s Note; Preface to the 3rd edition; Preface to the First Edition; PART 1: Descriptive Aspects; CHAPTER 1: Concept of schizophrenia: past, present, and future; CHAPTER 2: The schizophrenia construct: symptomatic presentation; CHAPTER 3: Child and adolescent schizophrenia; CHAPTER 4: Late - onset schizophrenia; CHAPTER 5: The schizophrenia spectrum personality disorders; CHAPTER 6: The prodrome of schizophrenia; CHAPTER 7: Course and outcome; CHAPTER 8: Neurocognitive impairments in schizophrenia: their character and role in symptom formation 327 $aPART 2: Biological AspectsCHAPTER 9: The secondary schizophrenias; CHAPTER 10: Schizophrenia: the epidemiological horizon; CHAPTER 11: Environmental risk factors for schizophrenia; CHAPTER 12: Classical genetic studies of schizophrenia; CHAPTER 13: Genetic associations in schizophrenia; CHAPTER 14: Intermediate phenotypes in genetic studies of schizophrenia; CHAPTER 15: Electrophysiology of schizophrenia; CHAPTER 16: Structural brain imaging in schizophrenia and related populations; CHAPTER 17: Functional brain imaging in schizophrenia; CHAPTER 18: Neuropathology of schizophrenia 327 $aCHAPTER 19: Neurodevelopmental origins of schizophreniaCHAPTER 20: Dopamine and schizophrenia; CHAPTER 21: Contributions of glutamate and GABA systems to the neurobiology and treatment of schizophrenia; CHAPTER 22: Animal models of schizophrenia; PART 3: Physical Treatments; CHAPTER 23: Pharmacology and neuroscience of antipsychotic drugs; CHAPTER 24: Principles of pharmacological treatment in schizophrenia; CHAPTER 25: Comparative efficacy and effectiveness in the drug treatment of schizophrenia; CHAPTER 26: Approaches to treatment - resistant patients 327 $aCHAPTER 27: Neurological complications of antipsychotic drugsCHAPTER 28: Metabolic adverse effects associated with antipsychotic medications; PART 4: Psychosocial Aspects; CHAPTER 29: Schizophrenia and psychosocial stresses; CHAPTER 30: Mental health services for patients with schizophrenia; CHAPTER 31: Societal outcomes in schizophrenia; CHAPTER 32: Psychological treatment of psychosis; CHAPTER 33: Economics of the treatment of schizophrenia; Index; colour plates 330 $aSchizophrenia is one of the most complex and disabling diseases to affect mankind. Relatively little is known about its nature and its origins, and available treatments are inadequate for most patients. As a result, there are inevitable controversies about what causes it, how to diagnose it, and how best to treat it. However, in the past decade, there has been an explosion of new research, with dramatic discoveries involving genetic etiology and epidemiological risk factors. There has also been a catalog of new drugs coming to market, and controversy about the relative advantages and disa 606 $aSchizophrenia 606 $aPsychiatry 615 0$aSchizophrenia. 615 0$aPsychiatry. 676 $a616.89/8 701 $aWeinberger$b Daniel R$g(Daniel Roy)$0942476 701 $aHarrison$b P. J$g(Paul J.),$f1960-$01841281 801 0$bMiAaPQ 801 1$bMiAaPQ 801 2$bMiAaPQ 906 $aBOOK 912 $a9911020186303321 996 $aSchizophrenia$94420954 997 $aUNINA